000 00480nam a2200145 a 4500
001 000047335
005 20201002053547.0
008 180503s2008 dr 000 spa d
040 _aDO-SdBNP
_bspa
_cBNPHU
100 1 _aCela, Jorge
_97887
245 0 _aComenzando por casa :. :
_bla democracia en la vida cotidiana /
_cJorge Cela.
260 _aSanto Domingo :
_bCentro de Estudios Sociales Padre Juan Montalvo,
_c2008.
300 _a46 p. ;
_c22 cm.
590 _aInventariado,2018/DG
999 _c46823
_d46823